00395nam a2200157Ia 45000010006000000050017000060080041000230410008000640820015000721000037000872450060001242600009001843000028001936500008002216540008002292057920260306172816.0260306t2014||||xx |||||||||||||| ||spa|| aESP a343.4bP33 aPazo Pineda, Oscar AndréseAUT 0aLos derechos fundamentales y el tribunal constitucional c2014 a590 páginas :c25 cm. aGEN aCDE